<?xml version="1.0" encoding="UTF-8"?>
<record
    xmlns:xsi="http://www.w3.org/2001/XMLSchema-instance"
    xsi:schemaLocation="http://www.loc.gov/MARC21/slim http://www.loc.gov/standards/marcxml/schema/MARC21slim.xsd"
    xmlns="http://www.loc.gov/MARC21/slim">

  <leader>00386nam a22001697a 4500</leader>
  <controlfield tag="005">20260310165112.0</controlfield>
  <controlfield tag="008">260310b        |||||||| |||| 00| 0 eng d</controlfield>
  <datafield tag="020" ind1=" " ind2=" ">
    <subfield code="a">9788119868339</subfield>
  </datafield>
  <datafield tag="041" ind1=" " ind2=" ">
    <subfield code="a">eng</subfield>
  </datafield>
  <datafield tag="082" ind1=" " ind2=" ">
    <subfield code="a">343.0721 VYA-A</subfield>
  </datafield>
  <datafield tag="100" ind1=" " ind2=" ">
    <subfield code="a">VYAS, NEHA </subfield>
    <subfield code="9">8894</subfield>
  </datafield>
  <datafield tag="245" ind1=" " ind2=" ">
    <subfield code="a">AVTAR SINGH'S COMPETITION LAW</subfield>
  </datafield>
  <datafield tag="260" ind1=" " ind2=" ">
    <subfield code="a">LUCKNOW</subfield>
    <subfield code="b">EBC</subfield>
  </datafield>
  <datafield tag="300" ind1=" " ind2=" ">
    <subfield code="a">246;P</subfield>
  </datafield>
  <datafield tag="650" ind1=" " ind2=" ">
    <subfield code="a">LAW</subfield>
  </datafield>
  <datafield tag="942" ind1=" " ind2=" ">
    <subfield code="c">BK</subfield>
  </datafield>
  <datafield tag="999" ind1=" " ind2=" ">
    <subfield code="c">9075</subfield>
    <subfield code="d">9073</subfield>
  </datafield>
  <datafield tag="952" ind1=" " ind2=" ">
    <subfield code="0">0</subfield>
    <subfield code="1">0</subfield>
    <subfield code="4">0</subfield>
    <subfield code="7">0</subfield>
    <subfield code="8">LAW</subfield>
    <subfield code="a">JRU</subfield>
    <subfield code="b">JRU</subfield>
    <subfield code="c">SHELF-29-E</subfield>
    <subfield code="d">2026-03-09</subfield>
    <subfield code="e">PURCHASE</subfield>
    <subfield code="g">495.00</subfield>
    <subfield code="h">LBI/000882 DATE-06/03/2026</subfield>
    <subfield code="l">1</subfield>
    <subfield code="o">343.0721 VYA</subfield>
    <subfield code="p">29350</subfield>
    <subfield code="r">2026-05-08 16:04:44</subfield>
    <subfield code="s">2026-03-31</subfield>
    <subfield code="w">2026-03-10</subfield>
    <subfield code="y">BK</subfield>
  </datafield>
  <datafield tag="952" ind1=" " ind2=" ">
    <subfield code="0">0</subfield>
    <subfield code="1">0</subfield>
    <subfield code="4">0</subfield>
    <subfield code="7">0</subfield>
    <subfield code="8">LAW</subfield>
    <subfield code="a">JRU</subfield>
    <subfield code="b">JRU</subfield>
    <subfield code="c">SHELF-29-E</subfield>
    <subfield code="d">2026-03-09</subfield>
    <subfield code="e">PURCHASE</subfield>
    <subfield code="g">495.00</subfield>
    <subfield code="h">LBI/000882 DATE-06/03/2026</subfield>
    <subfield code="l">1</subfield>
    <subfield code="o">343.0721 VYA</subfield>
    <subfield code="p">29351</subfield>
    <subfield code="r">2026-04-14 13:13:53</subfield>
    <subfield code="s">2026-04-09</subfield>
    <subfield code="w">2026-03-10</subfield>
    <subfield code="y">BK</subfield>
  </datafield>
  <datafield tag="952" ind1=" " ind2=" ">
    <subfield code="0">0</subfield>
    <subfield code="1">0</subfield>
    <subfield code="4">0</subfield>
    <subfield code="7">0</subfield>
    <subfield code="8">LAW</subfield>
    <subfield code="a">JRU</subfield>
    <subfield code="b">JRU</subfield>
    <subfield code="c">SHELF-29-E</subfield>
    <subfield code="d">2026-03-09</subfield>
    <subfield code="e">PURCHASE</subfield>
    <subfield code="g">495.00</subfield>
    <subfield code="h">LBI/000882 DATE-06/03/2026</subfield>
    <subfield code="l">1</subfield>
    <subfield code="o">343.0721 VYA</subfield>
    <subfield code="p">29352</subfield>
    <subfield code="r">2026-04-23 12:15:08</subfield>
    <subfield code="s">2026-04-09</subfield>
    <subfield code="w">2026-03-10</subfield>
    <subfield code="y">BK</subfield>
  </datafield>
</record>
